000 00678nam a2200289Ia 4500
005 20260324144535.0
008 008 260324s9999 xx 000 0 eng d
020 _a9780367815592
037 _aEBOOK
040 _aCRL
040 _beng
040 _cCRL
041 _2eng
041 _aeng
084 _qCRL
100 _aL.S. Hearnshaw
_91219703
245 4 _aThe Shaping of Modern Psychology
245 3 _bAn Historical Introduction
260 _bTaylor and Francis
260 _c1987
365 _a
365 _b205
856 _uhttp://www.taylorfrancis.com/books/9780367815592
942 _cEBOOK
999 _c1826441
_d1826441